Искусствознание Запада об искусстве XX века: Сборник статей

Detalles Bibliográficos
Otros Autores: Карягин А. А. Анатолий Анатольевич (редактор)
Lenguaje:ruso
Publicado: Москва, Наука, 1988
Materias:
Formato: Libro
KOHA link:https://koha.lib.tpu.ru/cgi-bin/koha/opac-detail.pl?biblionumber=21164

MARC

LEADER 00000nam0a2200000 4500
001 21164
005 20231030192352.0
010 |a 5020126950 
035 |a (RuTPU)RU\TPU\book\21362 
035 |a BOOK00006055 
090 |a 21164 
100 |a 20011209d1988 km y0rusy50 ca 
101 0 |a rus 
102 |a RU 
105 |a y z 000zy 
200 1 |a Искусствознание Запада об искусстве XX века  |e Сборник статей  |f Под ред. А. А. Карягина 
210 |a Москва  |c Наука  |d 1988 
215 |a 171 с. 
610 1 |a искусство 
610 1 |a искусствознание 
610 1 |a искусствоведение 
610 1 |a 20 век 
610 1 |a история 
610 1 |a Западная Европа 
610 1 |a США 
610 1 |a авангардизм 
675 |a 7.072  |v 3 
702 1 |a Карягин  |b А. А.  |g Анатолий Анатольевич  |4 340 
801 0 |a RU  |b 63413507  |c 20011209  |g PSBO 
801 2 |a RU  |b 63413507  |c 20140623  |g PSBO 
942 |c BK